| 000 | 00737nam a2200229Ia 4500 | ||
|---|---|---|---|
| 003 | GCL | ||
| 008 | 140319s9999 xx 000 0 ara d | ||
| 040 |
_aGCL / _cGCL |
||
| 082 | 0 | 4 |
_a953.07391 _bع ا |
| 100 | 1 | _aعبدالنعيم محمد حسنين | |
| 245 | 1 | 0 |
_aايران والعراق فى العصر السلجوقى / _cعبدالنعيم محمد حسنين |
| 260 |
_aالقاهرة : _bدار الكتب الاسلامية ، _c1982 |
||
| 300 | _a206 ص | ||
| 490 | _a | ||
| 650 | 0 | 4 | _aايران |
| 650 | 0 | 4 | _aالعراق |
| 650 | 0 | 4 | _aالعالم الاسلامى |
| 650 | 0 | 4 | _aالدولة السلجوقية |
| 650 | 0 | 4 | _aالسلاجقة |
| 650 | 0 | 4 | _aالحضارة الاسلامية |
| 942 |
_2ddc _cBK |
||
| 999 |
_c53890 _d53890 |
||